[Event "Najdorf Final KO"]
[Site "Buenos Aires ARG"]
[Date "2000.09.09"]
[Round "1.1"]
[White "Tempone,M"]
[Black "Morales,Jo"]
[Result "1-0"]
[WhiteElo "2439"]
[BlackElo "2366"]

1.c4 Nf6 2.Nc3 c5 3.Nf3 b6 4.e4 d6 5.d4 cxd4 6.Nxd4 Bb7 7.f3 e6 8.Be3 a6
9.Be2 Nbd7 10.O-O Be7 11.a4 O-O 12.a5 bxa5 13.Nb3 Rb8 14.Nxa5 Ba8 15.Qd2 Qc7
16.Rfc1 Ne5 17.Na4 Qd8 18.Ba7 d5 19.Bxb8 Qxb8 20.c5 dxe4 21.f4 Neg4 22.Bxg4 Nxg4
23.Nc4 e3 24.Nxe3 Qxf4 25.Nf1 Qe4 26.Ng3 Qc6 27.Qe2 Bg5 28.Rc3 Be3+ 29.Rxe3 Nxe3
30.Qf3 Nxg2 31.Qxc6 Bxc6 32.Nc3 Bb7 33.Nge4 Nf4 34.Nd6 Bc8 35.c6 Nd3 36.c7 Bd7
37.Rd1 Nxb2 38.Rd2 Na4 39.Nxa4 Bxa4 40.c8=Q  1-0

[Event "Match"]
[Site "Albacete ESP"]
[Date "2000.09.10"]
[Round "1"]
[White "Herraiz Lopez,H"]
[Black "Topalov,V"]
[Result "0-1"]
[WhiteElo "2415"]
[BlackElo "2707"]

1.Nf3 Nf6 2.c4 c5 3.Nc3 d5 4.cxd5 Nxd5 5.e4 Nb4 6.Bc4 Nd3+ 7.Ke2 Nf4+ 8.Kf1 Ne6
9.h4 Nc6 10.Ng5 Nxg5 11.hxg5 g6 12.d3 Bg7 13.Be3 Bd4 14.Qd2 Be6 15.Bb5 Rc8
16.Bxd4 Qxd4 17.Rc1 c4 18.Nd5 cxd3 19.Rc4 Qg7 20.Rc3 a6 21.Bxd3 Qd4 22.Rc4 Qe5
23.Qc3 Qxc3 24.Rxc3 Kf8 25.a3 Kg7 26.Nf4 Nd4 27.Rxc8 Rxc8 28.Ne2 b5 29.Ke1 Bc4
30.Rh3 Ne6 31.f4 Bxd3 32.Rxd3 Rc2 33.Rd2 Rc4 34.Kf2 Rxe4 35.g3 Rc4 36.Ke3 Nc5
37.Nc3 b4 38.axb4 Rxb4 39.Rd5 Nb7 40.Rd2 Nd6 41.Kf3 a5 42.Re2 e6 43.Rc2 Rb3
44.Kf2 h6 45.gxh6+ Kxh6 46.Re2 Nc4 47.Nd1 Rd3  0-1

[Event "Najdorf Final KO"]
[Site "Buenos Aires ARG"]
[Date "2000.09.10"]
[Round "1.2"]
[White "Rodriguez,JL"]
[Black "Mela,B"]
[Result "1/2-1/2"]
[WhiteElo "2417"]
[BlackElo "2267"]

1.Nf3 Nf6 2.c4 c5 3.Nc3 g6 4.e4 d6 5.d4 cxd4 6.Nxd4 Bg7 7.Be2 O-O 8.O-O Nc6
9.Be3 Nxd4 10.Bxd4 Bd7 11.Qd2 Bc6 12.f3 Nd7 13.Be3 a5 14.b3 Rc8 15.Rab1 Qe8
16.Nd1 Ra8 17.Nf2 Nc5 18.Rfe1 b5 19.e5 Nb7 20.cxb5 Bxb5 21.exd6 Nxd6 22.Bc5 Bxe2
23.Bxd6 exd6 24.Rxe2 Qb5 25.Qd3 Rfb8 26.Rd2 Qxd3 27.Rxd3 Rb6 28.Ne4 Raa6
29.Rc1 Be5 30.g3 Rb4 31.Nd2 Bd4+ 32.Kf1 Bc5 33.Ke2 Rb7 34.Rc4 a4 35.bxa4 Rba7
36.Rdc3 Rxa4 37.Rxa4 Rxa4 38.Rc2 h5 39.Nb3 Kg7 40.Nxc5 dxc5 41.Kd3 Kf6 42.Re2 h4
43.Rc2 hxg3 44.hxg3 Ke6  1/2-1/2

[Event "Najdorf Final KO"]
[Site "Buenos Aires ARG"]
[Date "2000.09.11"]
[Round "2.1"]
[White "Tempone,M"]
[Black "Mela,B"]
[Result "1/2-1/2"]
[WhiteElo "2439"]
[BlackElo "2267"]

1.c4 Nf6 2.Nc3 c5 3.Nf3 d5 4.cxd5 Nxd5 5.g3 g6 6.Nxd5 Qxd5 7.Bg2 Bg7 8.d3 Nc6
9.O-O O-O 10.Be3 Bd7 11.Rc1 Qxa2 12.Bxc5 Qxb2 13.Rb1 Qc3 14.Rxb7 Qxc5  1/2-1/2

[Event "zt 1.3"]
[Site "Reykjavic ISL"]
[Date "2000.09.12"]
[Round "3.2"]
[White "Agrest,E"]
[Black "Schandorff,L"]
[Result "1/2-1/2"]
[WhiteElo "2554"]
[BlackElo "2520"]

1.c4 Nf6 2.Nc3 c5 3.Nf3 d5 4.cxd5 Nxd5 5.d4 Nxc3 6.bxc3 g6 7.e4 Bg7 8.Rb1 O-O
9.Be2 b6 10.O-O Bb7 11.Qd3 Ba6 12.Qe3 Qd7 13.Rd1 cxd4 14.cxd4 Qa4 15.Rd2 Bxe2
16.Qxe2 Rc8 17.Qd1 Qxd1+ 18.Rxd1 Nd7 19.Ba3 Kf8 20.e5 Rc2 21.Bb2 Ke8 22.Kf1 Rac8
23.g3 Bh6 24.h4 Nb8 25.d5 R8c5 26.Nd4 Rd2 27.Rxd2 Bxd2 28.Nb3 Rc2 29.Nd4 Rc5
30.Nb3 Rc2 31.Nd4 Rc5  1/2-1/2

[Event "zt 1.3"]
[Site "Reykjavic ISL"]
[Date "2000.09.13"]
[Round "3.3"]
[White "Agrest,E"]
[Black "Schandorff,L"]
[Result "1/2-1/2"]
[WhiteElo "2554"]
[BlackElo "2520"]

1.c4 Nf6 2.Nc3 c5 3.Nf3 d5 4.cxd5 Nxd5 5.d4 Nxc3 6.bxc3 g6 7.e4 Bg7 8.Bb5+ Bd7
9.Bxd7+ Nxd7 10.O-O O-O 11.Rb1 Qc7 12.Qe2 Rac8 13.Bd2 cxd4 14.cxd4 b6 15.Rfc1 Qb7
16.Bb4 Rfe8 17.h3 e6 18.e5 Rxc1+ 19.Rxc1 Rc8 20.Rd1 a5 21.Bd6 Qd5 22.Qa6 Ra8
23.Qe2 Rc8 24.Qa6 Ra8 25.Qf1 Rc8 26.Rc1 Rc6 27.Rxc6 Qxc6 28.Qa6 Qc1+ 29.Kh2 Qf4+
30.Kg1 Qc1+ 31.Kh2 Qf4+ 32.Kg1  1/2-1/2

[Event "World Seniors"]
[Site "Rowy POL"]
[Date "2000.09.13"]
[Round "3"]
[White "Johannessen,S"]
[Black "Mayers,D"]
[Result "1-0"]
[WhiteElo "2306"]
[BlackElo "2107"]

1.Nf3 Nf6 2.c4 c5 3.Nc3 b6 4.g3 Bb7 5.Bg2 e5 6.O-O d6 7.e3 g6 8.d4 Qe7 9.dxe5 dxe5
10.Nxe5 Bxg2 11.Kxg2 Qxe5 12.Qf3 Bg7 13.Qxa8 O-O 14.Qf3 Nbd7 15.Bd2 g5 16.e4 g4
17.Qf5 Qxf5 18.exf5 Ne5 19.b3 Nf3 20.Rad1 Nd4 21.Rfe1 Nxf5 22.Bg5 Nd4 23.Bxf6 Bxf6
24.Re4 h5 25.Nb5 Kg7 26.Nxd4 cxd4 27.f3 gxf3+ 28.Kxf3 Rd8 29.Ke2 a6 30.Kd3 b5
31.Rf1 bxc4+ 32.bxc4 Rd7 33.Rf5 Kg6 34.Rd5 Rb7 35.Rd6 Kg7 36.Rxa6 Rb2 37.Re2 Rb1
38.Rf2 Be5 39.Ra7 Bf6 40.Ra5 Rd1+ 41.Kc2 Ra1 42.Rd2 Rf1 43.Rxh5 Rf3 44.Rd3 Rf2+
45.Kb3 Kg6 46.Rb5 Rxh2 47.c5 Rh1 48.Kc4 Be5 49.Kd5 f6 50.a4 Kf5 51.Rb4 Rh8
52.Rbxd4 Rd8+ 53.Kc4 Bxd4 54.Rxd4 Ra8 55.c6 Rxa4+ 56.Kd5 Ra7 57.Kd6 Ra6 58.Kd7 Ke5
59.Rd1 Kf5 60.c7 Ra7 61.Kd8 Ra8+ 62.c8=Q+ Rxc8+ 63.Kxc8 Kg4 64.Rf1  1-0

[Event "World Seniors"]
[Site "Rowy POL"]
[Date "2000.09.17"]
[Round "6"]
[White "Borchardt,A"]
[Black "Kristiansen,E"]
[Result "1-0"]
[WhiteElo "2009"]
[BlackElo "2220"]

1.Nf3 Nf6 2.c4 c5 3.Nc3 d5 4.cxd5 Nxd5 5.g3 Nc6 6.Bg2 Nc7 7.O-O e5 8.d3 Be7
9.Be3 O-O 10.Rc1 Be6 11.b3 f6 12.Nd2 Qd7 13.Na4 b6 14.Nc3 Rac8 15.f4 exf4
16.Bxf4 Nd4 17.Nf3 Rfd8 18.Qe1 Re8 19.Qf2 Bf8 20.Rfd1 Bg4 21.e3 Nxf3+ 22.Bxf3 Bxf3
23.Qxf3 Ne6 24.e4 Nd4 25.Qf2 Qg4 26.Kg2 Rcd8 27.h3 Qh5 28.g4 Qf7 29.Be3 Ne6
30.Nd5 Bd6 31.Rf1 Be5 32.Qh4 Qb7 33.g5 fxg5 34.Qg4 Rxd5 35.exd5 Bf4 36.Rce1 Qxd5+
37.Qf3 Qxd3 38.Kh1 Qf5 39.Bxf4 gxf4 40.Qg4 Qxg4 41.hxg4 Kf7 42.Rd1 Re7 43.Rfe1 Nd4
44.Rxe7+ Kxe7 45.Re1+ Kf6 46.Kg2 Nc6 47.Re8 Nb4 48.a3 Nc2 49.Ra8 c4 50.bxc4 Nxa3
51.Rxa7 Nxc4 52.Ra4 Ne3+ 53.Kf3 Nd5 54.Ra7 h6 55.Rd7 Ne7 56.Kxf4 Ke6 57.Rb7 Nd5+
58.Ke4 g6 59.Kd4 h5 60.g5 h4 61.Rh7 Kf5 62.Kxd5 Kxg5 63.Ke4 Kg4 64.Ke3 g5  1-0

[Event "World Seniors"]
[Site "Rowy POL"]
[Date "2000.09.19"]
[Round "8"]
[White "Reichenbach,W"]
[Black "Ofstad,P"]
[Result "0-1"]
[WhiteElo "2310"]
[BlackElo "2181"]

1.Nf3 Nf6 2.c4 c5 3.Nc3 g6 4.g3 Nc6 5.Bg2 Bg7 6.O-O O-O 7.d3 d5 8.cxd5 Nxd5
9.Bd2 e6 10.Qc1 Re8 11.Bh6 b6 12.Bxg7 Kxg7 13.Qd2 Bb7 14.e3 Nxc3 15.bxc3 Qf6
16.Rac1 Red8 17.Rfd1 Rd7 18.e4 Rad8 19.Qe3 e5 20.Rd2 h6 21.Rcd1 Na5 22.Bf1 Nc6
23.h4 Re7 24.Bh3 Bc8 25.Bxc8 Rxc8 26.Kg2 Rd8 27.h5 Red7 28.hxg6 fxg6 29.Nh4 Qg5
30.Qe2 Rf7 31.Nf3 Qg4 32.Qe3 Rdf8 33.Nh2 Rxf2+ 34.Rxf2 Rxf2+ 35.Qxf2 Qxd1
36.Qe3 Nd8 37.Nf3 Qc2+ 38.Qd2 Qxd2+ 39.Nxd2 Nc6 40.Nf1 Kf7 41.Ne3 Ke6 42.Kh3 b5
43.a3 b4  0-1

[Event "It"]
[Site "Medellin COL"]
[Date "2000.09.27"]
[Round "2"]
[White "Gonzalez,Re"]
[Black "Alvarez,Jose"]
[Result "1/2-1/2"]
[WhiteElo "2435"]
[BlackElo "2402"]

1.Nf3 Nf6 2.c4 c5 3.Nc3 g6 4.d4 cxd4 5.Nxd4 Bg7 6.e4 d6 7.Be2 Nc6 8.Be3 O-O
9.O-O Nxd4 10.Bxd4 Be6 11.Rc1 a6 12.b3 Qa5 13.f3 Rfc8 14.a4 Qb4  1/2-1/2

[Event "Cup Rectora"]
[Site "Kharkov UKR"]
[Date "2000.10.01"]
[Round "1"]
[White "Itkis,B"]
[Black "Maly,A"]
[Result "1-0"]
[WhiteElo "2384"]
[BlackElo "2386"]

1.Nf3 Nf6 2.c4 c5 3.Nc3 d5 4.cxd5 Nxd5 5.g3 Nc6 6.Bg2 Nc7 7.a3 e5 8.b4 cxb4
9.axb4 f6 10.b5 Nd4 11.Qa4 Nce6 12.Nxd4 exd4 13.Nd5 Bd7 14.Qb3 Rc8 15.O-O Rc5
16.Rxa7 Rxb5 17.Qa2 Bd6 18.Ra8 Bb8 19.Qa3 Nc5 20.d3 O-O 21.Bf4 Na6 22.Rc1 Qa5
23.Qxa5 Rxa5 24.Nb6 Bc6 25.Bxc6 bxc6 26.Nd7 Nc5 27.Rxa5 Nxd7 28.Rxc6 Ne5
29.Bxe5 Bxe5 30.f4 Bb8 31.Ra8 g5 32.Rb6 Bc7 33.Rxf8+  1-0

[Event "EuYCh B16"]
[Site "Halkidiki GRE"]
[Date "2000.10.02"]
[Round "1"]
[White "Khismatullin,D"]
[Black "Olsson,L"]
[Result "1-0"]
[WhiteElo "2349"]
[BlackElo "2116"]

1.c4 Nf6 2.Nc3 c5 3.Nf3 d5 4.cxd5 Nxd5 5.e3 g6 6.Bb5+ Bd7 7.Be2 Nxc3 8.bxc3 Bg7
9.d4 O-O 10.O-O Nc6 11.Rb1 b6 12.Ba3 cxd4 13.cxd4 Re8 14.d5 Ne5 15.Nd4 Rc8
16.Qb3 Qc7 17.Ba6 Rcd8 18.Rfc1 Qb8 19.Nb5 Bf5 20.Nc7 Bxb1 21.Qxb1 Bf6 22.Nxe8 Rxe8
23.Qe4 Kg7 24.f4 Ng4 25.h3 Nh6 26.g4 g5 27.Bd3 Ng8 28.Rc6 Rc8 29.Qxh7+ Kf8
30.Rxf6 Nxf6 31.Qh8+ Ng8 32.Bh7  1-0

[Event "1st European Rapid Ch"]
[Site "Neum BIH"]
[Date "2000.10.02"]
[Round "4"]
[White "Vaganian,R"]
[Black "Pigusov,E"]
[Result "1-0"]
[WhiteElo "2623"]
[BlackElo "2578"]

1.Nf3 Nf6 2.c4 c5 3.Nc3 g6 4.e4 d6 5.d4 cxd4 6.Nxd4 Nc6 7.Be2 Nxd4 8.Qxd4 Bg7
9.Bg5 O-O 10.Qe3 Qb6 11.Qxb6 axb6 12.f3 Be6 13.Kd2 Rfc8 14.b3 Kf8 15.a4 Nd7
16.Rab1 f5 17.Nd5 Bxd5 18.exd5 Nc5 19.Rhe1 e5 20.dxe6 Nxe6 21.Be3 b5 22.cxb5 Bc3+
23.Kd1 Bxe1 24.Kxe1 d5 25.Kd2 Ke7 26.Bb6 Kd6 27.a5 Nc5 28.b4 Nd7 29.Be3 Ne5
30.Bf4 d4 31.b6 Kd5 32.a6 Rxa6 33.Bxa6 bxa6 34.Rc1 Nc4+ 35.Rxc4 Rxc4 36.b7 Rxb4
37.b8=Q Rxb8 38.Bxb8 Kc4 39.Bc7  1-0

[Event "ch-HUN KO"]
[Site "Budapest HUN"]
[Date "2000.10.04"]
[Round "5.1"]
[White "Czebe,A"]
[Black "Almasi,I"]
[Result "1/2-1/2"]
[WhiteElo "2520"]
[BlackElo "2429"]

1.Nf3 Nf6 2.c4 c5 3.Nc3 b6 4.d4 cxd4 5.Qxd4 Bb7 6.Bg5 d6 7.Nd5 Nbd7 8.Nxf6+ Nxf6
9.Bxf6 gxf6 10.e3 Bg7 11.Be2 Kf8 12.Rd1 Bxf3 13.Bxf3 Rc8 14.b3 Rc5 15.O-O Qc8
16.Qd3 f5 17.g3 Bf6 18.Rfe1 Kg7 19.e4 Rg8 20.exf5 Qxf5 21.Qxf5 Rxf5 22.Bd5 Re5
23.Rxe5 Bxe5 24.Bb7 Kf8 25.Kf1 Bf6 26.f4 Kg7 27.b4 Rb8 28.Ba6 Bc3 29.a3 Bb2
30.Ke2 f5 31.h3 h5 32.h4 Kf7 33.Rd5 Ke6 34.Rd3 Bg7 35.Kf3 Bh8 36.Re3+ Kf7
37.Rd3 Bg7 38.a4 Bf8 39.a5 e6 40.Bb5 bxa5 41.bxa5 a6  1/2-1/2

[Event "Tatry Open"]
[Site "Tatranske Zruby SVK"]
[Date "2000.10.10"]
[Round "4"]
[White "Sejkora,V"]
[Black "Lukac,R"]
[Result "1-0"]
[WhiteElo "2264"]
[BlackElo "2198"]

1.c4 Nf6 2.Nc3 c5 3.Nf3 d5 4.cxd5 Nxd5 5.g3 Nc6 6.Bg2 Nc7 7.d3 e5 8.O-O Be7
9.Be3 f6 10.Rc1 Be6 11.Nd2 Qd7 12.a3 Rb8 13.Na4 b6 14.b4 Nd5 15.bxc5 b5 16.Nc3 Nxe3
17.fxe3 h5 18.Nce4 h4 19.Qe1 Kd8 20.Nd6 Kc7 21.N2e4 f5 22.Nc3 a6 23.d4 h3
24.Bh1 Bg5 25.Qf2 Bxe3 26.Qxe3 exd4 27.Qf4 dxc3 28.Nxb5+ Kb7 29.Nd6+ Ka7
30.Rfd1 Qe7 31.Bxc6  1-0

[Event "IV Copa Itau"]
[Site "Sao Paulo BRA"]
[Date "2000.10.18"]
[Round "3"]
[White "Ramos,Jul"]
[Black "Martinez,CA"]
[Result "0-1"]
[WhiteElo "2166"]
[BlackElo "2431"]

1.Nf3 Nf6 2.c4 g6 3.Nc3 c5 4.d4 Bg7 5.e4 O-O 6.Be2 d6 7.O-O Nc6 8.d5 Na5
9.h3 e6 10.Bg5 h6 11.Bh4 g5 12.Bg3 exd5 13.cxd5 a6 14.Nd2 b5 15.e5 dxe5 16.Bxe5 Bb7
17.Bxf6 Bxf6 18.Nde4 Bd4 19.a3 f5 20.Ng3 Bxc3 21.bxc3 Qxd5 22.Qxd5+ Bxd5
23.Rfd1 Rad8 24.a4 Nb3 25.Rab1 c4 26.axb5 axb5 27.Nh5 Kf7 28.Ng3 f4 29.Nf5 Be4
30.Nxh6+ Kg6 31.Ng4 Bxb1 32.Rxb1 Rfe8 33.Bf3 b4 34.cxb4 c3 35.Rxb3 c2 36.Rc3 Rd1+
37.Kh2 c1=Q 38.Rxc1 Rxc1 39.b5 Rb1 40.Bc6 Ree1 41.g3 Kg7 42.gxf4 gxf4 43.Kg2 Kg6
44.Kh2 Kg5 45.Kg2 Rb2 46.Bd7 Rc1 47.Bc6 Rc3 48.Ne5 Kf5 49.Nf3 Kf6 50.Nh2 Rg3+
51.Kf1 Rxh3 52.Ng4+ Ke6 53.Kg2 Rg3+  0-1

[Event "1st It A"]
[Site "Salou ESP"]
[Date "2000.10.19"]
[Round "4"]
[White "Ivanov,J"]
[Black "Montell Lorenzo,J"]
[Result "1-0"]
[WhiteElo "2461"]
[BlackElo "2327"]

1.Nf3 Nf6 2.c4 g6 3.Nc3 c5 4.d4 Bg7 5.d5 d6 6.e4 b5 7.cxb5 a6 8.e5 dxe5 9.Nxe5 O-O
10.Nc6 Nxc6 11.bxc6 Qa5 12.Bd2 Rd8 13.Bc4 e6 14.dxe6 Qc7 15.exf7+ Kh8 16.Qf3 Bg4
17.Bf4 Qb6 18.Qe3 Qxc6 19.O-O Rd4 20.b3 Rad8 21.Rae1 Bc8 22.Be5 Bb7 23.f3 Ng4
24.Bxg7+ Kxg7 25.Qe7 Rf8 26.Qxf8+  1-0

[Event "Essent Open"]
[Site "Hoogeveen NED"]
[Date "2000.10.20"]
[Round "8"]
[White "Kharitonov,AY"]
[Black "Dvoirys,S"]
[Result "1/2-1/2"]
[WhiteElo "2539"]
[BlackElo "2562"]

1.Nf3 c5 2.c4 Nf6 3.Nc3 e6 4.g3 b6 5.Bg2 Bb7 6.O-O Be7 7.b3 O-O 8.Bb2 d5
9.e3 dxc4 10.bxc4 Nc6 11.Qe2 Nb4 12.d4 cxd4 13.exd4 Rc8 14.Rfd1 Qc7 15.a3 Na6
16.d5 exd5 17.cxd5 Rfe8 18.Qf1 Qb8 19.Nd4 Nc5 20.Nc6 Qa8 21.Nb5 Nxd5 22.Nxe7+ Rxe7
23.Nd6 Rd8 24.Nf5 Red7 25.Bxg7 Ne3 26.Nxe3 Bxg2 27.Nxg2 Rxd1 28.Rxd1 Rxd1
29.Qxd1 Kxg7 30.Qd4+ f6 31.Qg4+ Kh8 32.Qf5 Qc6 33.Nf4 Qd6 34.h4 Qe5 35.Qc8+  1/2-1/2

[Event "22nd Open"]
[Site "Arco ITA"]
[Date "2000.10.25"]
[Round "5"]
[White "Patelli,A"]
[Black "Lettich,S"]
[Result "1/2-1/2"]
[WhiteElo "2244"]
[BlackElo "2078"]

1.Nf3 Nf6 2.c4 g6 3.Nc3 c5 4.e4 d6 5.d4 cxd4 6.Nxd4 Bg7 7.Be2 Nc6 8.Be3 O-O
9.O-O Bd7 10.Qd2 Nxd4 11.Bxd4 Bc6 12.f3 b6 13.Rfe1 Qd7 14.Bf1 Rfd8 15.Rad1 Rac8
16.Qf2 Qb7 17.g4 Ne8 18.b4 Bxd4 19.Qxd4 e5 20.Qe3 Qe7 21.f4 exf4 22.Qxf4 f6
23.Nd5 Qe6 24.h4 Kg7 25.Re3 h6 26.g5 fxg5 27.hxg5 hxg5 28.Qxg5 Qe5 29.Qh4 Bxd5
30.Rxd5 Qf6 31.Qg4 Nc7 32.Rdd3 Ne6 33.Rg3 g5 34.Rd2 Rf8 35.Bh3 Rce8 36.Kh2 Kg6
37.Rxd6 Rh8 38.Qf5+ Kf7 39.Rf3 Qxf5 40.Rxf5+ Ke7 41.Rxe6+ Kxe6 42.Rxg5+ Kf6
43.Rg4 Rd8 44.Rg3 Ke5 45.c5 bxc5 46.bxc5 Rc8 47.Kg2 Rxc5 48.Rg5+ Kd4 49.Rxc5 Kxc5
50.Be6  1/2-1/2

[Event "22nd Open"]
[Site "Arco ITA"]
[Date "2000.10.26"]
[Round "6"]
[White "Konopka,M"]
[Black "Krivoshey,S"]
[Result "1/2-1/2"]
[WhiteElo "2453"]
[BlackElo "2429"]

1.Nf3 Nf6 2.c4 c5 3.Nc3 g6 4.g3 Nc6 5.Bg2 d6 6.d4 cxd4 7.Nxd4 Bd7 8.O-O Bg7
9.b3 O-O 10.Bb2 Qa5 11.e3 Rfc8 12.h3 Rab8 13.Qe2 a6 14.Rac1 Qd8 15.Rfe1 Nxd4
16.exd4 e6 17.b4 Bc6 18.d5 exd5 19.b5 axb5 20.cxb5 Bd7 21.Nxd5 Nxd5 22.Bxd5 Rxc1
23.Rxc1 Qg5 24.Rd1 Re8 25.Qf3 Re7 26.h4 Qf5 27.Bxg7 Kxg7 28.Qxf5 Bxf5 29.b6 Kf6
30.a4 Bc2 31.Ra1 Be4 32.Bxe4 Rxe4 33.a5 Rb4 34.Rc1 Rb5 35.Rc7 Rxa5 36.Rxb7 Rb5
37.Kg2 Rb3  1/2-1/2

[Event "22nd Open"]
[Site "Arco ITA"]
[Date "2000.10.27"]
[Round "7"]
[White "Patelli,A"]
[Black "Casagrande,F"]
[Result "1-0"]
[WhiteElo "2244"]
[BlackElo "2050"]

1.Nf3 Nf6 2.c4 c5 3.Nc3 d5 4.cxd5 Nxd5 5.d4 Nxc3 6.bxc3 g6 7.e4 Bg7 8.Be3 Nc6
9.Qd2 O-O 10.Be2 Qa5 11.Rc1 Bg4 12.d5 Bxf3 13.Bxf3 Rad8 14.O-O c4 15.Be2 b5
16.Qc2 Ne5 17.f4 Nd7 18.Rfd1 Qc7 19.Qd2 Nc5 20.e5 Na4 21.Qd4 Nb6 22.Bf3 Nxd5
23.Bxd5 e6 24.Qc5 Qxc5 25.Bxc5 exd5 26.Bxf8 Bxf8 27.Rc2 d4 28.cxd4 c3 29.Rd3  1-0

[Event "34th Olympiad Women"]
[Site "Istanbul TUR"]
[Date "2000.10.28"]
[Round "1"]
[White "Maric,A"]
[Black "Koskoska,G"]
[Result "1-0"]
[WhiteElo "2443"]
[BlackElo "2219"]

1.Nf3 c5 2.c4 Nf6 3.Nc3 d5 4.cxd5 Nxd5 5.e3 Nc6 6.Bb5 Nb4 7.d4 cxd4 8.exd4 a6
9.Bxc6+ bxc6 10.O-O e6 11.Ne5 Bd6 12.Qg4 O-O 13.Bh6 Qf6 14.Ne4 Qxh6 15.Nxd6 a5
16.a3 Nd5 17.Rfc1 f5 18.Qd1 Ba6 19.Rxc6 Nf4 20.Kh1 Qg5 21.Qf3 Be2 22.Qg3 Qh6
23.Qe3 Ra6 24.g3 Rxc6 25.Nxc6 Qh5 26.Ne7+ Kh8 27.Qxf4 Bf3+ 28.Kg1 Ba8 29.Rc1 h6
30.Rf1 g5 31.Qe5+ Kh7 32.Qxe6 f4 33.g4  1-0

[Event "34th Olympiad"]
[Site "Istanbul TUR"]
[Date "2000.10.30"]
[Round "3"]
[White "Sulava,N"]
[Black "Mannion,S"]
[Result "1/2-1/2"]
[WhiteElo "2549"]
[BlackElo "2350"]

1.Nf3 Nf6 2.c4 c5 3.Nc3 b6 4.g3 Bb7 5.Bg2 g6 6.d4 cxd4 7.Qxd4 Bg7 8.O-O d6
9.Rd1 Nbd7 10.Be3 Rc8 11.b3 O-O 12.Qh4 a6 13.Rac1 Nc5 14.Bh6 Nce4 15.Nxe4 Bxe4
16.Be3 Qc7 17.Bh3 Rcd8 18.b4 Qb7 19.Nd4 Qc7 20.b5 Ra8 21.a4 axb5 22.cxb5 Qb7
23.Rc4 Bd5 24.Rb4 Ne4 25.Nc6 Bf6 26.Qh6 Nc3 27.Rd2 Bxc6 28.bxc6 Qxc6 29.Bg2 d5
30.Bf3 Rxa4 31.Rxb6 Qc4 32.Kg2 Bg7 33.Qg5 e5 34.Rdb2 f6 35.Qh4 Qxh4 36.gxh4 e4
37.Bg4 f5 38.Bh3 f4 39.Be6+ Kh8 40.Bc5 f3+ 41.exf3 exf3+ 42.Kh3 Ne2 43.R2b4 h5
44.Bd6 Rxb4 45.Rxb4 Rf6 46.Rb8+ Kh7 47.Re8 d4 48.Bg8+ Kh6 49.Be7 Ng1+ 50.Kg3 Ne2+
51.Kh3 Rf5 52.Bb4 g5 53.hxg5+ Kxg5 54.Bd2+ Kg6 55.Bc4 Ng1+ 56.Kg3 Be5+ 57.Kh4 Bf6+
58.Kg3 Kg7 59.Rg8+ Kh7 60.Bd3 Ne2+ 61.Kh3 Kxg8 62.Bxf5 Kg7 63.Be4 Ng1+ 64.Kg3 Be5+
65.Kh4 Bxh2 66.Kxh5 Nh3 67.Bxf3 Nxf2 68.Kg5 Nd3 69.Kf5 Ne5 70.Be4 Nc4 71.Bb4 Nd6+
72.Bxd6 Bxd6  1/2-1/2

[Event "34th Olympiad"]
[Site "Istanbul TUR"]
[Date "2000.11.01"]
[Round "5"]
[White "Ruzele,D"]
[Black "Ionescu,Co"]
[Result "1/2-1/2"]
[WhiteElo "2541"]
[BlackElo "2492"]

1.Nf3 c5 2.c4 Nf6 3.Nc3 b6 4.g3 Bb7 5.Bg2 g6 6.O-O Bg7 7.Re1 O-O 8.e4 Nc6
9.a3 d6 10.Rb1 Nd7 11.d3 Nde5 12.Ne2 Nxf3+ 13.Bxf3 Qd7 14.Bg2 Nd4 15.Nxd4 Bxd4
16.Bh6 Rfe8  1/2-1/2

[Event "34th Olympiad"]
[Site "Istanbul TUR"]
[Date "2000.11.01"]
[Round "5"]
[White "Badea,B"]
[Black "Sakalauskas,V"]
[Result "0-1"]
[WhiteElo "2480"]
[BlackElo "2420"]

1.c4 c5 2.Nf3 Nf6 3.Nc3 d5 4.cxd5 Nxd5 5.e4 Nb4 6.Bc4 Nd3+ 7.Ke2 Nf4+ 8.Kf1 Ne6
9.Ne5 Qd6 10.Qa4+ Nd7 11.Nf3 g6 12.e5 Qb6 13.h4 h6 14.Bb3 Bg7 15.Qe4 Nb8
16.Nd5 Qd8 17.Ne3 Nc6 18.h5 g5 19.Nf5 Bf8 20.d3 Ned4 21.N5xd4 Nxd4 22.Nxd4 Qxd4
23.Bxf7+ Kd8 24.e6 Bg7 25.Qg6 b6 26.Be3 Qxb2 27.Rd1 Ba6 28.Kg1 Bd4 29.Qf5 Kc7
30.Kh2 Rad8 31.Rd2 Qc3 32.Rhd1 Bb7 33.Kg1 Rd5 34.Qg4 Re5 35.Qg3 Rd8 36.Bxd4 Qxd4
37.Re1 Rd5 38.Rde2 Kd6 39.Re4 Qc3 40.d4 Qxg3  0-1

[Event "Chigorin Mem"]
[Site "St Petersburg RUS"]
[Date "2000.11.01"]
[Round "2"]
[White "Astashov,G"]
[Black "Tunik,G"]
[Result "0-1"]
[WhiteElo "2251"]
[BlackElo "2436"]

1.Nf3 Nf6 2.c4 c5 3.Nc3 b6 4.g3 Bb7 5.Bg2 g6 6.O-O Bg7 7.d4 cxd4 8.Nxd4 Bxg2
9.Kxg2 Qc7 10.b3 Qb7+ 11.f3 d5 12.cxd5 Nxd5 13.Nxd5 Qxd5 14.Bb2 O-O 15.e4 Qb7
16.Qe2 Nd7 17.Rac1 Rfc8 18.b4 b5 19.Nb3 Bh6 20.f4 a6 21.Na5 Qb6 22.Qg4 Rxc1
23.Rxc1 Nf6 24.Rc8+ Bf8 25.Bxf6 Rxc8 26.Qxc8 exf6 27.Nc6 Kg7 28.Qd7 Qe3 29.Qd5 Qe2+
30.Kh3 Qf1+ 31.Kh4 Qg2 32.h3 h6 33.Nd8 g5+ 34.fxg5 hxg5+  0-1

[Event "34th Olympiad"]
[Site "Istanbul TUR"]
[Date "2000.11.02"]
[Round "6"]
[White "Sturua,Z"]
[Black "Erdogan,H"]
[Result "1-0"]
[WhiteElo "2594"]
[BlackElo "2217"]

1.Nf3 c5 2.c4 Nf6 3.Nc3 e6 4.g3 Nc6 5.Bg2 d5 6.cxd5 Nxd5 7.O-O Be7 8.d4 O-O
9.e4 Nxc3 10.bxc3 b6 11.Re1 Bb7 12.d5 exd5 13.exd5 Na5 14.Ne5 Bf6 15.Bf4 Rc8
16.Qh5 c4 17.Rad1 Rc5 18.Be3 Rc8 19.Nc6 Qd6 20.Nxa7 Bxc3 21.Nb5 Qe5 22.Qxe5 Bxe5
23.Bxb6 c3 24.Bxa5 c2 25.Rc1 Bb2 26.Nd6 Bxc1 27.Rxc1 Rb8 28.Nxb7 Rxb7 29.Rxc2 Rb1+
30.Bf1 Rd1 31.d6 Rb8 32.Bb4 h5 33.a3 h4 34.gxh4 Re8 35.Rd2  1-0

[Event "Chigorin Mem"]
[Site "St Petersburg RUS"]
[Date "2000.11.08"]
[Round "7"]
[White "Kozlov,Vi"]
[Black "Dvoirys,S"]
[Result "0-1"]
[WhiteElo "2392"]
[BlackElo "2562"]

1.Nf3 c5 2.c4 Nf6 3.Nc3 e6 4.e3 d5 5.d4 a6 6.cxd5 exd5 7.Be2 Nc6 8.O-O Bd6
9.dxc5 Bxc5 10.b3 O-O 11.Bb2 Ba7 12.Rc1 Re8 13.Na4 Ne4 14.Nd4 Bd7 15.Nxc6 Bxc6
16.Nc3 Ng5 17.Bg4 d4 18.exd4 Bxd4 19.Qd2 Qf6 20.Nd5 Bxd5 21.Bxd4 Qg6 22.f3 h5
23.h4 hxg4 24.Qxg5 Qxg5 25.hxg5 Rad8 26.Rcd1 Bc6 27.Kf2 Rd5 28.Bb6 Rxg5 29.Rfe1 Rc8
30.fxg4 Rxg4 31.g3 Rg5 32.Rd4 Rb5 33.Rd8+ Rxd8 34.Bxd8 Rf5+ 35.Ke2 Rd5 36.Bc7 Bb5+
37.Ke3 Rd3+ 38.Kf4 Rd2 39.a4 Bc6 40.a5 Rd3 41.Rb1 f6 42.b4 g5+ 43.Kg4 Bf3+  0-1

[Event "FSIM November"]
[Site "Budapest HUN"]
[Date "2000.11.09"]
[Round "6"]
[White "Vigorito,D"]
[Black "Bordas,G"]
[Result "1-0"]
[WhiteElo "2314"]
[BlackElo "2186"]

1.Nf3 Nf6 2.c4 e6 3.Nc3 c5 4.g3 Nc6 5.Bg2 d5 6.cxd5 exd5 7.d4 Be7 8.O-O O-O
9.Bg5 cxd4 10.Nxd4 h6 11.Bf4 a6 12.Rc1 Bd6 13.Bxd6 Qxd6 14.Nxc6 bxc6 15.Na4 Rb8
16.Qc2 Re8 17.e3 h5 18.Rfd1 Rb4 19.b3 Bg4 20.Re1 Rc8 21.Nc5 Nh7 22.h3 Be6
23.Nxa6 Rb5 24.Nc5 h4 25.g4 Rf8 26.Nxe6 fxe6 27.Qxc6 Qb8 28.Qxe6+ Kh8 29.Qe7 Rf6
30.Rc7 Qg8 31.Rec1 Rb8 32.Bxd5  1-0

[Event "34th Olympiad"]
[Site "Istanbul TUR"]
[Date "2000.11.09"]
[Round "12"]
[White "Frois,A"]
[Black "Htun Lynn Kyaw1"]
[Result "1/2-1/2"]
[WhiteElo "2346"]
[BlackElo "2427"]

1.Nf3 Nf6 2.c4 c5 3.Nc3 g6 4.g3 b6 5.Bg2 Bb7 6.O-O Bg7 7.d4 cxd4 8.Qxd4 O-O
9.Qh4 d6 10.Bh6 Nbd7 11.Rfd1 Bxf3 12.Bxf3 Rc8 13.Bxg7 Kxg7 14.b3 Nc5 15.Qd4 Ne6
16.Qe3 Qd7 17.Nd5 Nxd5 18.cxd5 Nd8 19.Rac1 e5 20.dxe6 Nxe6 21.Qd2 Rxc1 22.Rxc1 Rd8
23.Bd5 Qe7 24.Rc4 Rd7 25.h4 h5 26.Rc8 Qf6 27.e3 Nf8 28.Bc6 Re7 29.Kg2 Nh7
30.Ba8 Rd7 31.Qd5 Qe7 32.Qd4+ Nf6 33.Bf3 Rc7 34.Ra8 Qe5 35.b4 Qxd4 36.exd4 Rc4
37.a3 Rc7 38.a4 Rc4 39.a5 Rxb4 40.a6 Rxd4 41.Rxa7 d5 42.Rb7 Ra4 43.Rxb6 Ra2
44.Rb1 Ne4  1/2-1/2

[Event "34th Olympiad"]
[Site "Istanbul TUR"]
[Date "2000.11.10"]
[Round "13"]
[White "Damljanovic,B"]
[Black "Annageldyev,O"]
[Result "1-0"]
[WhiteElo "2559"]
[BlackElo "2491"]

1.Nf3 Nf6 2.c4 c5 3.Nc3 e6 4.g3 b6 5.Bg2 Bb7 6.O-O Be7 7.Re1 a6 8.e4 d6 9.d4 cxd4
10.Nxd4 Qc7 11.Be3 Nbd7 12.Rc1 O-O 13.f4 Rfe8 14.g4 g6 15.g5 Nh5 16.f5 exf5
17.Nxf5 Bf8 18.Nd5 Qd8 19.Rc3 Nc5 20.Bd2 Ne6 21.Qg4 Rc8 22.b3 Bxd5 23.exd5 Nef4
24.Rxe8 Qxe8 25.Re3 Qd8 26.Nd4 Nxg2 27.Kxg2 Rc7 28.Nc6 Qc8 29.Qxc8 Rxc8 30.a4 b5
31.Kf3 bxc4 32.b4 h6 33.h4 hxg5 34.hxg5 Rc7 35.Re4 f6 36.Rxc4 fxg5 37.Bxg5 Rf7+
38.Kg4 Rf1 39.Bd8 Ng7 40.Kh3 Nf5 41.Bg5 Rb1 42.Nb8 Rb3+ 43.Kh2 Rb2+ 44.Kg1 a5
45.b5 Be7 46.Bc1 Rb1 47.Kh2 Bd8 48.Rc8 Kf7 49.Rxd8 Rxc1 50.Nc6 Rb1 51.Nxa5 g5
52.Nc4 g4 53.b6 Rb4 54.Rc8 Ne7 55.Nxd6+ Kf6 56.Rf8+ Ke5 57.b7 Kxd6 58.b8=Q+ Rxb8
59.Rxb8 Nxd5 60.a5 Nc7 61.a6  1-0

[Event "34th Olympiad"]
[Site "Istanbul TUR"]
[Date "2000.11.10"]
[Round "13"]
[White "Rodgaard,J"]
[Black "Handoko,E"]
[Result "0-1"]
[WhiteElo "2351"]
[BlackElo "2435"]

1.c4 c5 2.Nf3 Nf6 3.Nc3 d5 4.d4 cxd4 5.Nxd5 Nxd5 6.cxd5 Qxd5 7.Qxd4 Qxd4
8.Nxd4 e5 9.Nb5 Bb4+ 10.Bd2 Bxd2+ 11.Kxd2 Na6 12.e3 Ke7 13.Bc4 Bd7 14.Rhc1 Rhc8
15.Be2 Nc5 16.f3 Bxb5 17.Bxb5 a6 18.Bc4 Rd8+ 19.Ke2 Rac8 20.e4 Na4 21.Bb3 Nc5
22.Bd5 a5 23.Rc2 Ne6 24.Rxc8 Nf4+ 25.Kd2 Rxc8 26.Bb3 Rd8+ 27.Kc3 b5 28.Re1 Nxg2
29.Rg1 Ne3 30.a3 g6 31.Re1 Rc8+ 32.Kd3 Ng2 33.Rb1 Rd8+ 34.Kc3 Nf4 35.Bc2 Ne2+
36.Kb3 Nd4+ 37.Kc3 Rc8+  0-1